| 000 | 03241cam a22003134i 4500 | ||
|---|---|---|---|
| 008 | 260325b mx ||||| |||| 00| 0 spa d | ||
| 020 | _a9701506367 | ||
| 040 |
_aITMILPAALTA _bspa _cTecNM _erda |
||
| 041 |
_aspa _heng |
||
| 050 | 0 | 0 |
_aTJ212 _b.B65 _c2001 |
| 100 |
_aBolton William _92271 _eAutor |
||
| 245 | 0 | 0 |
_aIngeniería de Control/ _cWilliam Bolton |
| 250 | _a2a. Edicion | ||
| 260 | 3 |
_aMéxico: _bAlfaomega, _c2002. |
|
| 300 |
_a397 Páginas. _bIlustraciones _c19.5 x 26 cm. |
||
| 504 | _aWilliam Bolton es un ingeniero, docente y autor británico especializado en ingeniería eléctrica, electrónica y sistemas de control. Fue profesor en el Buckingham Chilterns University College y trabajó en la industria aeronáutica antes de dedicarse a la educación técnica. Colaboró con el BTEC (Business and Technician Education Council) en el Reino Unido, donde dirigió proyectos de desarrollo curricular, y fue consultor internacional para la UNESCO y el gobierno británico en países como Brasil, Argentina y Tailandia. Es autor de numerosos libros técnicos ampliamente utilizados en la formación de ingenieros, destacándose por su enfoque práctico y pedagógico. Entre sus obras más conocidas están Mechatronics, Engineering Science y Ingeniería de Control. | ||
| 505 | _aSistemas de control Modelos de sistemas Respuesta del sistema Transformadas de Laplace Modelos de sistemas dinámicos Modelos mediante diagramas de bloques El error en estado estable Polos, ceros, estabilidad Análisis del lugar geométrico de las raíces Controladores Respuesta en frecuencia Equipo básico de un sistema de control Control de procesos discretos Control digital directo La transformada z Apéndice: MATLAB Respuestas a los problemas Índice | ||
| 520 | _aEl libro ofrece una introducción clara y práctica a los sistemas de control automático, enfocada en estudiantes de ingeniería que no necesariamente tienen una formación matemática avanzada. Comienza explicando los fundamentos de los sistemas en lazo abierto y cerrado, la retroalimentación, y cómo representar sistemas físicos (mecánicos, eléctricos, térmicos) mediante modelos matemáticos y funciones de transferencia. Luego, introduce herramientas clave como la transformada de Laplace, los diagramas de bloques, y analiza la respuesta del sistema (estabilidad, error, polos y ceros). También cubre el diseño y ajuste de controladores PID, el análisis por frecuencia (Bode y Nyquist) y el lugar geométrico de las raíces. Finalmente, aborda el control digital (usando transformada Z), el uso de PLCs y microprocesadores en automatización, y ofrece un apéndice con aplicaciones en MATLAB. | ||
| 526 | _aIngenieria en Sistemas Computacionales | ||
| 526 | _aIngenieria en Gestion Empresarial | ||
| 526 | _aIngeniería Bioquímica | ||
| 526 | _aIngenieria en Industrias Alimentarias | ||
| 650 | 0 |
_aIngeniería en tecnologias de la información y comunicaciones _9585 |
|
| 650 | 0 |
_aIngeniería mecánica _9582 |
|
| 650 | 0 |
_aIngeniería logística _9583 |
|
| 650 | 0 |
_aIngeniería en gestión empresarial _9584 |
|
| 942 |
_2lcc _n0 _cLIB |
||
| 945 |
_a1262 _bJosé Antonio Albarrán Galván _c1262 _dJosé Antonio Albarrán Galván |
||
| 999 |
_c10730 _d10730 |
||